000 00383nam a2200145Ia 4500
008 100122s9999 xx 000 0 und d
082 _b7335
_a823
100 _aआपटे ना ह
245 _aजाऊबाई
260 _bआपटे आणि मंडळी
_c1950
300 _a182
630 _aजाऊबाई
730 _aजाऊबाई
942 _cBOOK
999 _c400033
_d400030